<?xml version="1.0" encoding="UTF-8"?>
<record
    xmlns:xsi="http://www.w3.org/2001/XMLSchema-instance"
    xsi:schemaLocation="http://www.loc.gov/MARC21/slim http://www.loc.gov/standards/marcxml/schema/MARC21slim.xsd"
    xmlns="http://www.loc.gov/MARC21/slim">

  <leader>02738nam a2200409 a 4500</leader>
  <controlfield tag="003">CHAP</controlfield>
  <controlfield tag="005">20230421181337.0</controlfield>
  <controlfield tag="007">ta</controlfield>
  <controlfield tag="008">230421s2019    sp adbofr|||| 001 0 spa d</controlfield>
  <datafield tag="020" ind1=" " ind2=" ">
    <subfield code="a">978-84-85699-41-4</subfield>
  </datafield>
  <datafield tag="020" ind1=" " ind2=" ">
    <subfield code="a">978-84-17526-58-0</subfield>
  </datafield>
  <datafield tag="040" ind1=" " ind2=" ">
    <subfield code="a">mxchpua</subfield>
    <subfield code="c">CHAP</subfield>
    <subfield code="e">rda</subfield>
  </datafield>
  <datafield tag="050" ind1="1" ind2="0">
    <subfield code="a">HG4026 </subfield>
    <subfield code="b">.D53 2019</subfield>
  </datafield>
  <datafield tag="082" ind1="0" ind2="0">
    <subfield code="a">658.155</subfield>
    <subfield code="b">D53 2019</subfield>
    <subfield code="2">20</subfield>
  </datafield>
  <datafield tag="245" ind1="1" ind2="0">
    <subfield code="a">Diagn&#xF3;stico empresarial / </subfield>
    <subfield code="c">Alicia Blanco Gonz&#xE1;lez...[y otros] ; coordinadores Miguel Prado Rom&#xE1;n y Miguel &#xC1;ngel S&#xE1;nchez de Lara</subfield>
  </datafield>
  <datafield tag="250" ind1=" " ind2=" ">
    <subfield code="a">1a edici&#xF3;n </subfield>
  </datafield>
  <datafield tag="264" ind1=" " ind2=" ">
    <subfield code="a">Espa&#xF1;a : </subfield>
    <subfield code="b">DELTA,</subfield>
    <subfield code="c">2019</subfield>
  </datafield>
  <datafield tag="300" ind1=" " ind2=" ">
    <subfield code="a">xvi, 184 p&#xE1;ginas : </subfield>
    <subfield code="b">ilustraciones, gr&#xE1;ficas, tablas, mapas y fotos</subfield>
  </datafield>
  <datafield tag="336" ind1=" " ind2=" ">
    <subfield code="2">rdacontent</subfield>
    <subfield code="a">texto</subfield>
    <subfield code="b">txt</subfield>
  </datafield>
  <datafield tag="337" ind1=" " ind2=" ">
    <subfield code="2">rdamedia</subfield>
    <subfield code="a">sin medio</subfield>
    <subfield code="b">n</subfield>
  </datafield>
  <datafield tag="338" ind1=" " ind2=" ">
    <subfield code="2">rdacarrier</subfield>
    <subfield code="a">volumen</subfield>
    <subfield code="b">nc</subfield>
  </datafield>
  <datafield tag="504" ind1=" " ind2=" ">
    <subfield code="a">Incluye bibliograf&#xED;as</subfield>
  </datafield>
  <datafield tag="505" ind1="0" ind2=" ">
    <subfield code="a">Estructura de las cuentas anuales --
Medidas para diagnosticar la situaci&#xF3;n econ&#xF3;mica-financiera de la empresa --
Factores relevantes dentro del diagn&#xF3;stico del entorno empresarial --
Diagn&#xF3;stico del impacto de los costes de personal en las cuentas de la empresa -- 
Diagn&#xF3;stico de la actividad empresarial --
Diagn&#xF3;stico de la situaci&#xF3;n financiera de la empresa --
Casos pr&#xE1;cticos</subfield>
  </datafield>
  <datafield tag="520" ind1="2" ind2=" ">
    <subfield code="a">En un mercado tan competitivo como el actual, las empresas tienen que estar constantemente desarrollando productos nuevos, servicios revolucionarios que les permitan diferenciarse de la competencia. Pero, para diferenciarse de la competencia tambi&#xE9;n es importante mantener los costes bajos, ya que si no los clientes adquirir&#xED;an los productos de estos que son m&#xE1;s baratos. Adem&#xE1;s, hay que tener en cuenta que toda actividad empresarial se desarrolla en un entorno cambiante, donde las percepciones de los clientes pueden cambiar en cualquier instante.

Debido a ello, se puede comprender por qu&#xE9; la actividad empresarial es un proceso tan dif&#xED;cil de gestionar. Esta obra pretende ofrecer al lector las herramientas fundamentales que le permitan diagnosticar los principales puntos fuertes y d&#xE9;biles de la empresa, as&#xED; como numerosas estrategias que le ayuden a corregir las posibles deficiencias de la misma</subfield>
  </datafield>
  <datafield tag="650" ind1="1" ind2="3">
    <subfield code="9">186754</subfield>
    <subfield code="a">Gesti&#xF3;n de recursos</subfield>
  </datafield>
  <datafield tag="650" ind1="1" ind2="3">
    <subfield code="9">148852</subfield>
    <subfield code="a">Gesti&#xF3;n administrativa  </subfield>
  </datafield>
  <datafield tag="650" ind1="1" ind2="3">
    <subfield code="9">186494</subfield>
    <subfield code="a">Planificaci&#xF3;n financiera</subfield>
  </datafield>
  <datafield tag="650" ind1="1" ind2="3">
    <subfield code="9">127770</subfield>
    <subfield code="a">Econom&#xED;a financiera</subfield>
  </datafield>
  <datafield tag="650" ind1="1" ind2="3">
    <subfield code="9">186755</subfield>
    <subfield code="a">Resource management</subfield>
  </datafield>
  <datafield tag="650" ind1="1" ind2="3">
    <subfield code="9">148850</subfield>
    <subfield code="a">Administrative management</subfield>
  </datafield>
  <datafield tag="650" ind1="1" ind2="3">
    <subfield code="9">186496</subfield>
    <subfield code="a">Financial planning</subfield>
  </datafield>
  <datafield tag="650" ind1="1" ind2="3">
    <subfield code="9">186756</subfield>
    <subfield code="a">Financial economics</subfield>
  </datafield>
  <datafield tag="700" ind1="1" ind2=" ">
    <subfield code="9">186757</subfield>
    <subfield code="a">Blanco Gonz&#xE1;lez, Alicia</subfield>
    <subfield code="e">autora</subfield>
  </datafield>
  <datafield tag="700" ind1="1" ind2=" ">
    <subfield code="9">186758</subfield>
    <subfield code="a">Prado Rom&#xE1;n, Miguel</subfield>
    <subfield code="e">coordinador</subfield>
  </datafield>
  <datafield tag="700" ind1="1" ind2=" ">
    <subfield code="9">186759</subfield>
    <subfield code="a">S&#xE1;nchez de Lara, Miguel &#xC1;ngel</subfield>
    <subfield code="e">coordinador</subfield>
  </datafield>
  <datafield tag="942" ind1=" " ind2=" ">
    <subfield code="2">ddc</subfield>
    <subfield code="c">Libro</subfield>
  </datafield>
  <datafield tag="999" ind1=" " ind2=" ">
    <subfield code="c">218615</subfield>
    <subfield code="d">218615</subfield>
  </datafield>
  <datafield tag="952" ind1=" " ind2=" ">
    <subfield code="0">0</subfield>
    <subfield code="1">0</subfield>
    <subfield code="2">ddc</subfield>
    <subfield code="4">0</subfield>
    <subfield code="5">1</subfield>
    <subfield code="7">0</subfield>
    <subfield code="8">GRAL</subfield>
    <subfield code="a">IA_</subfield>
    <subfield code="b">IA_</subfield>
    <subfield code="d">2021-12-16</subfield>
    <subfield code="e">Compra Carvann Books F. C 22</subfield>
    <subfield code="i">Consumo</subfield>
    <subfield code="l">0</subfield>
    <subfield code="o">658.155 D53 2019</subfield>
    <subfield code="p">1102014662</subfield>
    <subfield code="r">2023-04-21 00:00:00</subfield>
    <subfield code="t">Ej. 1</subfield>
    <subfield code="w">2023-04-21</subfield>
    <subfield code="y">LIBRO</subfield>
  </datafield>
  <datafield tag="952" ind1=" " ind2=" ">
    <subfield code="0">0</subfield>
    <subfield code="1">0</subfield>
    <subfield code="2">ddc</subfield>
    <subfield code="4">0</subfield>
    <subfield code="5">5</subfield>
    <subfield code="7">0</subfield>
    <subfield code="8">GRAL</subfield>
    <subfield code="a">IA_</subfield>
    <subfield code="b">IA_</subfield>
    <subfield code="d">2021-12-16</subfield>
    <subfield code="e">Compra Carvann Books F. C 22</subfield>
    <subfield code="i">Consumo</subfield>
    <subfield code="l">1</subfield>
    <subfield code="o">658.155 D53 2019</subfield>
    <subfield code="p">1102014663</subfield>
    <subfield code="r">2023-09-26 00:00:00</subfield>
    <subfield code="s">2023-09-26</subfield>
    <subfield code="t">Ej. 2</subfield>
    <subfield code="w">2023-04-21</subfield>
    <subfield code="y">LIBRO</subfield>
  </datafield>
</record>
